ბათუმის შოთა რუსთაველის სახელმწიფო უნივერსიტეტის ბიბლიოთეკა

უკვდავება : (ბიბ.ჩანაწერი № 61809)

000 -ლიდერი
ფიქსირებული სიგრძის საკონტროლო ველი 00979nam a22002057a 4500
003 - საკონტროლო ნომრის იდენტიფიკატორი
საკონტროლო ველი Ge_BSU
005 - ბოლო ოპერაციის თარიღი და დრო
საკონტროლო ველი 20240516130032.0
008 - ფიქსირებული სიგრძის მონაცემთა ელემენტები - ზოგადი ინფორმაცია
ფიქსირებული სიგრძის საკონტროლო ველი 240516s2017 ge ||||| |||| 00| 0 geo d
020 ## - წიგნის საერთაშორისო სტანდარტული ნომერი
International Standard Book Number 9789941115578
041 ## - ენის კოდი
Language code of text/sound track or separate title geo
080 ## - უნივერსალური ათობითი კლასიფიკაციის ინდექსი
Universal Decimal Classification number 821.133.1.03-31=353.1 კ-90
100 ## - მთავარი ჩანაწერი - პიროვნების სახელი
Personal name კუნდერა, მილან
9 (RLIN) 22104
245 ## - ცნობა სათაურის შესახებ
Title უკვდავება :
Remainder of title [რომანი] /
Statement of responsibility, etc მილან კუნდერა; ფრანგულიდან თარგმნა პაატა ჯავახიშვილმა.
264 ## - წარმოების, გამოცემის, დისტრიბუციის და სხვა ცნობები
გამოცემის, წარმოების, დისტრიბუციის... ადგილი თბილისი :
გამოცემის, წარმოების, დისტრიბუციის... სახელწოდება დიოგენე,
გამოცემის, წარმოების, დისტრიბუციის... თარიღი 2017.
300 ## - ფიზიკური აღწერა
Extent 366 გვ. ;
Other physical details 19 სმ.
500 ## - ზოგადი შენიშვნა
General note გარეკანზე: მორის უტრილოს "ტერტრის მოედანი"
653 ## - INDEX TERM--UNCONTROLLED
Uncontrolled term ფრანგული პროზა.
700 ## - ADDED ENTRY--PERSONAL NAME
Personal name ჯავახიშვილი, პაატა
Relator term მთარგმნელი
9 (RLIN) 7899
942 ## - ADDED ENTRY ELEMENTS (KOHA)
Source of classification or shelving scheme
Koha item type წიგნი
ეგზემპლარები
ჩამოწერის სტატუსი დაკარგული ეგზემპლარის სტატუსი კლასიფიკაციის წყარო ან თაროზე გაწყობის სქემა დაზიანების სტატუსი არ გაიცემა მუდმივი მდებარეობა (დაცვის ადგილი) ამჟამინდელი ადგილსამყოფელი თაროზე განთავსების ადგილი შეძენის თარიღი ღირებულება, შესყიდვის ნორმალური ფასი სრული შენახვის შიფრი შტრიხკოდი ბოლო ოპერაციის თარიღი ეგზემპლარის მიმდევრობითი ნომერი (კეტერი?) ფასის ძალაში შესვლის თარიღი ეგზემპლარის სახეობა საჯარო შენიშვნა
          ბათუმის შოთა რუსთაველის სახელმწიფო უნივერსიტეტის მთავარი ბიბლიოთეკა ბათუმის შოთა რუსთაველის სახელმწიფო უნივერსიტეტის მთავარი ბიბლიოთეკა წიგნსაცავი 2024-05-16 17.95 821.133.1.03-31=353.1 კ-90 65908 2024-05-16 65908 2024-05-16 წიგნი 17 ლ. 95 თ.